000 00607nam a22001577a 4500
003 OSt
005 20150906093914.0
008 150906b xxu||||| |||| 00| 0 eng d
040 _cRUA
082 _aAGR​ ម៉ៅ 1989 B001 Or.1
100 _975
_aម៉ៅ សារិទ្ធ
245 _aការវាយតំលៃដីតាមលក្ខណៈក្សេត្រសាស្ត្រនៅពេលស្រោចស្រពដំណាំសណ្ដែកសៀងនៅរដូវប្រាំង
260 _aPhnom Penh
_bRUA
_c1989
300 _a107p.
_bill.
_c29cm.
942 _2ddc
_cAGR
999 _c72
_d72